| 000 | 00519nam a2200169 i 4500 | ||
|---|---|---|---|
| 001 | 78033 | ||
| 003 | ES-MaACL | ||
| 005 | 20230906173513.0 | ||
| 007 | t| | ||
| 008 | 041008s1941 sp ||||1| spa d | ||
| 100 | 1 |
_aHamsun, Knut. _961705 |
|
| 245 | 1 | 0 |
_aVictoria _b: una historia de amor / _cKnut Hamsun ; traducción de Berta Curiel. |
| 260 |
_aMadrid : _bCristal, _c1941 ( _eBarcelona : _fAgustín Núñez) |
||
| 300 |
_a164 p. ; _c18 cm. |
||
| 700 | 1 |
_aCuriel, Berta. _942214 |
|
| 852 |
_aES-MaACL _jF-15391 _bR.19271 |
||
| 999 |
_c78033 _d78033 |
||